| 000 | 01305nam a22002657a 4500 | ||
|---|---|---|---|
| 003 | DO-SdBNP | ||
| 005 | 20210909145921.0 | ||
| 007 | ta | ||
| 008 | 210907b2011 ||||| |||| 00| 0 spa d | ||
| 020 | _a9789945469806 | ||
| 040 |
_aDO-SdBNP _bspa _cBNPHU |
||
| 082 | 4 |
_a780.97293 _bJ82mu _244 |
|
| 100 | 1 | _4Jorge, Bernarda | |
| 245 | 1 | 0 |
_aLa música dominicana siglos XIX-XX / _cBernarda Jorge. |
| 260 |
_aSanto Domingo : _bNacional, _c2011. |
||
| 300 |
_a346 p. : _bil. ; _c24 cm |
||
| 500 | _aIncluye datos biográficos de la autora en las solapas | ||
| 504 | _aBibliografía : p. 331-346 | ||
| 505 | 0 | _aLa música en España en el siglo XVI -- La música de los taínos -- La música en los primeros siglos de la Colonia -- Bailes y danzas - -- Actividad musical -- Compositores, estilos y obras -- Música popular tradicional -- Actividad musical en los inicios del siglo -- Creación (1900-1940) -- Cambios a partir de la década de los 40 -- Evolución de la música "popular" hasta 1959 -- Tendencias estéticas a partir de 1960 | |
| 590 | _aInventariado, 2021 / DG | ||
| 650 | 4 |
_aMúsica dominicana _xHistoria y crítica _ySiglo XIX _979784 |
|
| 650 | 4 |
_aMúsica dominicana _xHistoria y crítca _ySiglo XX _979814 |
|
| 910 | _aD/G/Validado. Control de calidad MFF | ||
| 942 |
_2ddc _cLBS1 |
||
| 999 |
_c50439 _d50439 |
||